[Event "Wch Seniors 65 30th"]
[Site "Assisi"]
[Date "2022.11.26"]
[Round "11"]
[White "Takyrbashev, Tilek"]
[Black "Hebert, Jean"]
[Result "0-1"]
[WhiteElo "1881"]
[BlackElo "2333"]
[PlyCount "100"]
[EventDate "2022.11.15"]
[EventType "swiss"]
[EventRounds "11"]
[EventCountry "ITA"]
[SourceTitle "CBM 211 Extra"]
[Source "ChessBase"]
[SourceDate "2023.01.31"]
[SourceVersion "1"]
[SourceVersionDate "2023.01.31"]
[SourceQuality "1"]

1. e4 e6 2. d4 d5 3. Nd2 Nf6 4. exd5 exd5 5. Ngf3 Bd6 6. Bd3 0-0 7. 0-0 Nc6 8. c3 Bg4 9. h3 Bh5 10. Re1 Re8 11. Rxe8+ Qxe8 12. Qe1 Ne7 13. Qf1 c5 14. dxc5 Bxc5 15. Nb3 Bb6 16. Nbd4 Ne4 17. Be2 Nc6 18. Be3 Ng3 19. fxg3 Qxe3+ 20. Kh2 Re8 21. Nf5 Qe6 22. g4 Bg6 23. Bd3 Bc7+ 24. Kh1 Bxf5 25. Bxf5 Qf6 26. Re1 Rxe1 27. Qxe1 g6 28. Bc8 b6 29. Bb7 Ne7 30. Qd2 Qe6 31. Qe1 Qd6 32. Qd2 f6 33. a4 Kg7 34. Qd4 h6 35. Qd2 g5 36. Qd4 Qc5 37. Qxc5 bxc5 38. Kg1 Kf7 39. Kf2 Ke6 40. Ke2 Ng6 41. Ne1 Nf4+ 42. Kd2 Bb6 43. b3 Kd6 44. Ba6 Ba5 45. g3 Nxh3 46. Ke2 Bxc3 47. Bc8 Ng1+ 48. Kf1 Bxe1 49. Kxg1 Ke5 50. Kg2 Kd4 0-1

[Event "Wch Seniors 65 30th"]
[Site "Assisi"]
[Date "2022.11.18"]
[Round "4"]
[White "Hutchinson, Paul A"]
[Black "Takyrbashev, Tilek"]
[Result "1-0"]
[WhiteElo "2148"]
[BlackElo "1881"]
[PlyCount "91"]
[EventDate "2022.11.15"]
[EventType "swiss"]
[EventRounds "11"]
[EventCountry "ITA"]
[SourceTitle "CBM 211 Extra"]
[Source "ChessBase"]
[SourceDate "2023.01.31"]
[SourceVersion "1"]
[SourceVersionDate "2023.01.31"]
[SourceQuality "1"]

1. d4 d5 2. Bf4 Nf6 3. e3 e6 4. Nd2 Bd6 5. Bg3 c5 6. c3 Nc6 7. Ngf3 0-0 8. Bd3 Qe7 9. Ne5 Bxe5 10. dxe5 Nd7 11. Nf3 f6 12. exf6 Nxf6 13. Ne5 Nxe5 14. Bxe5 Nd7 15. Bg3 e5 16. 0-0 Nf6 17. h3 b6 18. Re1 Bb7 19. c4 e4 20. Be2 Rad8 21. cxd5 Nxd5 22. Qb3 Kh8 23. a3 Nf6 24. Red1 Bd5 25. Qc3 Qf7 26. b4 Rc8 27. Rac1 Bb7 28. Qe5 Rfe8 29. Qf5 c4 30. Be5 Rxe5 31. Qxe5 a6 32. a4 Bd5 33. b5 axb5 34. axb5 h6 35. Bg4 Rf8 36. Rd2 h5 37. Be2 Be6 38. Qd4 Nd7 39. Bxc4 Nc5 40. Bxe6 Qxe6 41. Qd6 Qf7 42. Rf1 Nd3 43. Qxb6 Qf5 44. Qd4 Rf6 45. b6 Nc5 46. Qd5 1-0

[Event "KGZ-ch"]
[Site "Bishkek"]
[Date "2022.05.04"]
[Round "5"]
[White "Takyrbashev, Tilek"]
[Black "Zheenbekov, Nurgazi"]
[Result "0-1"]
[WhiteElo "1982"]
[BlackElo "2107"]
[PlyCount "97"]
[EventDate "2022.04.30"]
[EventType "swiss"]
[EventRounds "11"]
[EventCountry "KGZ"]
[SourceTitle "EXT 2023"]
[Source "ChessBase"]
[SourceDate "2022.10.05"]
[SourceVersion "1"]
[SourceVersionDate "2022.10.05"]
[SourceQuality "1"]

1. e4 e5 2. Nf3 Nc6 3. Bc4 Nf6 4. d3 Be7 5. 0-0 0-0 6. c3 d5 7. exd5 Nxd5 8. Bb3 Kh8 9. Re1 Bg4 10. h3 Bh5 11. Bc2 f5 12. Nbd2 Bf6 13. Nf1 h6 14. Ng3 Bg6 15. a4 a5 16. Nd2 Nb6 17. Nb3 Qd5 18. f4 Rae8 19. Kh2 Qd6 20. Ne2 Nd5 21. Kh1 exf4 22. d4 Bh5 23. Qd3 Bh4 24. Bd2 Ne3 25. Nxf4 Bxe1 26. Bxe3 Bf2 27. Bxf2 Qxf4 28. Bg3 Qg5 29. Bxc7 Re3 30. Qf1 f4 31. Re1 f3 32. g4 Rxe1 33. Qxe1 f2 34. Qf1 Bf7 35. Nc5 Bc4 36. Bd3 Bxd3 37. Nxd3 Qe3 38. Kg2 Qf3+ 39. Kh2 Qxd3 40. Qxd3 f1Q 41. Qxf1 Rxf1 42. d5 Rf7 43. Bb6 Ne5 44. b3 Nf3+ 45. Kg2 Nd2 46. Bxa5 Nxb3 47. Bb4 Nd2 48. h4 Nc4 49. a5 0-1

[Event "KGZ-ch"]
[Site "Bishkek"]
[Date "2022.05.02"]
[Round "3"]
[White "Takyrbashev, Tilek"]
[Black "Zhusupov, Mairambek"]
[Result "1-0"]
[WhiteElo "1982"]
[BlackElo "1717"]
[PlyCount "59"]
[EventDate "2022.04.30"]
[EventType "swiss"]
[EventRounds "11"]
[EventCountry "KGZ"]
[SourceTitle "EXT 2023"]
[Source "ChessBase"]
[SourceDate "2022.10.05"]
[SourceVersion "1"]
[SourceVersionDate "2022.10.05"]
[SourceQuality "1"]

1. d4 Nf6 2. Nf3 d5 3. c4 e6 4. g3 Be7 5. Bg2 0-0 6. 0-0 c6 7. Qc2 Nbd7 8. Rd1 Ne4 9. Nc3 f5 10. Ne1 Bf6 11. Nxe4 fxe4 12. f3 exf3 13. Nxf3 Qe7 14. e4 dxe4 15. Qxe4 e5 16. d5 Nc5 17. Qe3 Rd8 18. b4 e4 19. Nd4 Bg4 20. Rf1 Nd3 21. Bd2 cxd5 22. Rxf6 Qxf6 23. Rf1 Qe5 24. cxd5 Qxd5 25. Bc3 Qc4 26. Ba1 Bf3 27. Bh3 Re8 28. Bd7 b6 29. Rxf3 Red8 30. Qxe4 1-0

[Event "Issyk Kul op"]
[Site "Cholpon Ata"]
[Date "2019.08.20"]
[Round "3"]
[White "Takyrbashev, Tilek"]
[Black "Malaikanova, Aigul"]
[Result "1-0"]
[WhiteElo "2060"]
[BlackElo "1610"]
[PlyCount "31"]
[EventDate "2019.08.19"]
[EventType "swiss"]
[EventRounds "9"]
[EventCountry "KGZ"]
[SourceTitle "EXT 2020"]
[Source "ChessBase"]
[SourceDate "2019.10.17"]
[SourceVersion "1"]
[SourceVersionDate "2019.10.17"]
[SourceQuality "1"]

1. d4 d5 2. Nf3 Bf5 3. c4 e6 4. Nc3 Nf6 5. Qb3 b6 6. Bg5 c6 7. cxd5 cxd5 8. e4 Bxe4 9. Bb5+ Ke7 10. Ne5 h6 11. Nxe4 dxe4 12. Qa3+ Qd6 13. Qxd6+ Kxd6 14. Bxf6 gxf6 15. Nxf7+ Ke7 16. Nxh8 1-0

[Event "Karakol Derbishev Memorial"]
[Site "Karakol"]
[Date "2017.??.??"]
[Round "3"]
[White "Takyrbashev, Tilek"]
[Black "Abdrahmanov, Abduvali"]
[Result "1-0"]
[WhiteElo "2102"]
[BlackElo "1505"]
[PlyCount "86"]
[EventDate "2017.08.16"]
[EventType "swiss"]
[EventRounds "9"]
[EventCountry "KGZ"]
[SourceTitle "CBM 180 Extra"]
[Source "ChessBase"]
[SourceDate "2017.10.06"]
[SourceVersion "1"]
[SourceVersionDate "2017.10.06"]
[SourceQuality "1"]

1. e4 c5 2. Nf3 Nc6 3. d4 cxd4 4. Nxd4 Nf6 5. Nc3 e6 6. Ndb5 a6 7. Nd6+ Bxd6 8. Qxd6 Qe7 9. Bf4 0-0 10. Be2 Re8 11. 0-0-0 b5 12. e5 Qxd6 13. Rxd6 b4 14. exf6 bxc3 15. fxg7 cxb2+ 16. Kb1 e5 17. Be3 Nd4 18. Bxd4 exd4 19. Bc4 Kxg7 20. Rd1 Re7 21. Kxb2 Bb7 22. R1xd4 Bc6 23. Rg4+ Kh8 24. Rf6 Rg8 25. Rxg8+ Kxg8 26. Rf5 Be4 27. Rg5+ Kf8 28. Bxa6 f6 29. Rg3 d5 30. Bd3 Rb7+ 31. Kc3 Ra7 32. Bxe4 dxe4 33. Kb2 Kf7 34. Re3 f5 35. f3 exf3 36. gxf3 Kf6 37. c4 Kg5 38. c5 Kf4 39. Rc3 Ke5 40. c6 Rc7 41. Kb3 Kd5 42. a4 Rxc6 43. Rxc6 Kxc6 1-0

[Event "KGZ-ch"]
[Site "Bishkek"]
[Date "2013.05.18"]
[Round "10"]
[White "Isakjanov, Kelsinbek"]
[Black "Takyrbashev, Tilek"]
[Result "1/2-1/2"]
[WhiteElo "1948"]
[BlackElo "2123"]
[PlyCount "106"]
[EventDate "2013.05.09"]
[EventType "swiss"]
[EventRounds "11"]
[EventCountry "KGZ"]
[SourceTitle "CBM 154 Extra"]
[Source "ChessBase"]
[SourceDate "2013.06.25"]
[SourceVersion "2"]
[SourceVersionDate "2013.06.25"]
[SourceQuality "1"]

1. d4 Nf6 2. c4 g6 3. Nc3 d5 4. Bf4 Bg7 5. e3 0-0 6. cxd5 Nxd5 7. Nxd5 Qxd5 8. Bxc7 Nc6 9. Nf3 Bf5 10. Be2 Rac8 11. Bg3 e5 12. 0-0 exd4 13. Qd2 Rfd8 14. exd4 Nxd4 15. Nxd4 Qxd4 16. Qxd4 Bxd4 17. Bf3 b6 18. Rad1 Bxb2 19. Rxd8+ Rxd8 20. Rd1 Rxd1+ 21. Bxd1 Be6 22. Bb8 a6 23. Bb3 Bxb3 24. axb3 f5 25. Kf1 Kf7 26. Ke2 Ke6 27. Kd3 Kd5 28. Bc7 Bd4 29. f3 a5 30. g4 fxg4 31. fxg4 Bc5 32. Bd8 Kc6 33. h4 Kd7 34. Bg5 b5 35. h5 gxh5 36. gxh5 Ke6 37. Ke4 a4 38. bxa4 bxa4 39. Bc1 Kf6 40. Kd5 Bf8 41. Kc4 Kf5 42. Kb5 Kg4 43. Kxa4 Kxh5 44. Kb3 Kg4 45. Kc2 h5 46. Kd1 h4 47. Ke2 h3 48. Kf1 Bc5 49. Bb2 Kf4 50. Bf6 Be3 51. Bd8 Kf3 52. Bc7 Bb6 53. Bd6 Bf2 1/2-1/2

[Event "KGZ-ch"]
[Site "Bishkek"]
[Date "2013.05.16"]
[Round "8"]
[White "Kachiev, Eldar"]
[Black "Takyrbashev, Tilek"]
[Result "1-0"]
[WhiteElo "2050"]
[BlackElo "2123"]
[PlyCount "35"]
[EventDate "2013.05.09"]
[EventType "swiss"]
[EventRounds "11"]
[EventCountry "KGZ"]
[SourceTitle "CBM 154 Extra"]
[Source "ChessBase"]
[SourceDate "2013.06.25"]
[SourceVersion "2"]
[SourceVersionDate "2013.06.25"]
[SourceQuality "1"]

1. e4 e5 2. Nf3 Nc6 3. Bc4 Nf6 4. d3 Be7 5. 0-0 0-0 6. c3 d5 7. exd5 Nxd5 8. Re1 Bf6 9. Nbd2 Re8 10. Ne4 Be7 11. Nfg5 Rf8 12. b4 Nb6 13. Qh5 Bxg5 14. Nxg5 Bf5 15. Bxf7+ Kh8 16. Nxh7 g6 17. Qh6 Rxf7 18. Nf6+ 1-0

[Event "KGZ-ch"]
[Site "Bishkek"]
[Date "2013.05.12"]
[Round "4"]
[White "Maznitsin, Andrei"]
[Black "Takyrbashev, Tilek"]
[Result "1-0"]
[WhiteElo "2308"]
[BlackElo "2123"]
[PlyCount "79"]
[EventDate "2013.05.09"]
[EventType "swiss"]
[EventRounds "11"]
[EventCountry "KGZ"]
[SourceTitle "CBM 154 Extra"]
[Source "ChessBase"]
[SourceDate "2013.06.25"]
[SourceVersion "2"]
[SourceVersionDate "2013.06.25"]
[SourceQuality "1"]

1. c4 Nf6 2. Nf3 e6 3. g3 Be7 4. Bg2 0-0 5. 0-0 d5 6. d4 b6 7. Nc3 Bb7 8. Ne5 Nbd7 9. cxd5 Nxd5 10. Nxd5 exd5 11. Bf4 Nxe5 12. Bxe5 Qd7 13. Rc1 Rac8 14. Qd2 h6 15. h4 f6 16. Bf4 g5 17. hxg5 hxg5 18. Be3 Kg7 19. f4 Qg4 20. Kf2 Rh8 21. Rh1 Bd6 22. Bf3 Qf5 23. fxg5 fxg5 24. Bxg5 c5 25. Bf4 Bxf4 26. gxf4 Rxh1 27. Rxh1 Rf8 28. Rg1+ Kh8 29. Rg4 Rg8 30. Rxg8+ Kxg8 31. dxc5 bxc5 32. Qe3 Kf7 33. Qxc5 Qxf4 34. Qxa7 Qh4+ 35. Kf1 Qh3+ 36. Ke1 Qh4+ 37. Kd1 Qe7 38. Qd4 Qd8 39. Qf4+ Ke8 40. Qe5+ 1-0

[Event "Central Asia Cup 2nd"]
[Site "Bishkek"]
[Date "2012.06.19"]
[Round "8"]
[White "Nadirjanova, Nodira"]
[Black "Takyrbashev, Tilek"]
[Result "1-0"]
[WhiteElo "2180"]
[BlackElo "2047"]
[PlyCount "58"]
[EventDate "2012.06.12"]
[EventType "swiss"]
[EventRounds "9"]
[EventCountry "KGZ"]
[SourceTitle "EXT 2013"]
[Source "ChessBase"]
[SourceDate "2012.11.22"]
[SourceVersion "1"]
[SourceVersionDate "2012.11.22"]
[SourceQuality "1"]

1. d4 d5 2. c4 e6 3. Nc3 Nf6 4. Bg5 Be7 5. e3 0-0 6. Nf3 a6 7. cxd5 exd5 8. Bd3 Nbd7 9. 0-0 c6 10. a3 Re8 11. Qc2 h6 12. Bf4 Nf8 13. h3 Bd6 14. Bxd6 Qxd6 15. b4 Qe7 16. Na4 N8d7 17. Nd2 Ne4 18. Nb3 Qh4 19. f3 Ng3 20. Qf2 Nf6 21. Nb6 Bxh3 22. gxh3 Rad8 23. Kg2 Nfh5 24. f4 Rd6 25. Rg1 Rde6 26. Rae1 Qe7 27. Nc5 Rxe3 28. Rxe3 Qxe3 29. Qxe3 Rxe3 1-0

[Event "Central Asia Cup 2nd"]
[Site "Bishkek"]
[Date "2012.06.17"]
[Round "6"]
[White "Pahomeev, Oleg"]
[Black "Takyrbashev, Tilek"]
[Result "0-1"]
[WhiteElo "2104"]
[BlackElo "2047"]
[PlyCount "72"]
[EventDate "2012.06.12"]
[EventType "swiss"]
[EventRounds "9"]
[EventCountry "KGZ"]
[SourceTitle "EXT 2013"]
[Source "ChessBase"]
[SourceDate "2012.11.22"]
[SourceVersion "1"]
[SourceVersionDate "2012.11.22"]
[SourceQuality "1"]

1. e4 e5 2. Nf3 Nc6 3. Bb5 Nf6 4. 0-0 Nxe4 5. d4 Nd6 6. Bxc6 dxc6 7. dxe5 Nf5 8. Qxd8+ Kxd8 9. Nbd2 Be7 10. Ne4 Ke8 11. b3 h6 12. Bb2 a5 13. a4 Be6 14. h3 Rd8 15. Bc3 b6 16. Rad1 Bd5 17. Rfe1 c5 18. Nf6+ gxf6 19. exf6 Rg8 20. fxe7 Rd6 21. Rd3 Bb7 22. Re5 Rxd3 23. cxd3 Nxe7 24. Nh4 Kd7 25. g4 Ng6 26. Nxg6 fxg6 27. Bd2 h5 28. Rg5 hxg4 29. hxg4 Bf3 30. Kh2 Bd1 31. f4 Bxb3 32. f5 gxf5 33. Rxg8 Bxg8 34. g5 Bb3 35. Kg3 Bxa4 36. Kf4 Bc2 0-1

[Event "Central Asia Cup 2nd"]
[Site "Bishkek"]
[Date "2012.06.13"]
[Round "2"]
[White "Takyrbashev, Tilek"]
[Black "Lim, Greta"]
[Result "1-0"]
[WhiteElo "2047"]
[BlackElo "2070"]
[PlyCount "70"]
[EventDate "2012.06.12"]
[EventType "swiss"]
[EventRounds "9"]
[EventCountry "KGZ"]
[SourceTitle "EXT 2013"]
[Source "ChessBase"]
[SourceDate "2012.11.22"]
[SourceVersion "1"]
[SourceVersionDate "2012.11.22"]
[SourceQuality "1"]

1. d4 Nf6 2. Nf3 e6 3. g3 d5 4. Bg2 c5 5. c4 cxd4 6. cxd5 Bb4+ 7. Bd2 Bxd2+ 8. Qxd2 Qxd5 9. Qxd4 Nc6 10. Qa4 Bd7 11. Nc3 Qc5 12. 0-0 Na5 13. Qf4 Nc6 14. Rac1 Qb4 15. Qxb4 Nxb4 16. Ne5 Rb8 17. Rfd1 Nc6 18. Nxc6 Bxc6 19. Bxc6+ bxc6 20. Na4 Nd5 21. Rxc6 0-0 22. a3 g6 23. e4 Nf6 24. f3 Rb5 25. b4 a5 26. Nc3 Rb7 27. b5 Ra8 28. a4 g5 29. Kf2 Kf8 30. e5 Nd7 31. f4 gxf4 32. gxf4 Ke7 33. Ne4 Nb8 34. Rc8 Raa7 35. Nf6 h6 1-0